000 00569nam a2200181 a 4500
001 10202
003 CO-ViMGA
008 141112s2004 ck r 000 u spa d
040 _aCO-ViMGA
_bspa
_cCO-ViMGA
082 0 4 _a131.34 T17f
100 1 _aTashma, Harry S.
_913251
245 1 0 _aLa Familia Neurotica de nuestro tiempo
260 _aBuenos Aires :
_bEditorial Psique,
_c1962
300 _a246p.
590 _aForma de adquisición : DONACION - - Proveedor : RAFAEL SALAMANCA - - Fecha de adquisición : 31 - 01 - 2001
650 1 4 _aPSICOANALISIS
942 _2ddc
_cBK
999 _c21574
_d21574